Statistics for Countries Flag HARD

Click here to take the quiz!

General Stats

  • This quiz has been taken 20 times
  • The average score is 7 of 8

Answer Stats

Answer% Correct
Kiribati
100%
Seychelles
100%
Burkina faso
95%
Fiji
95%
Marshall islands
95%
Monaco
95%
Maldives
89%
Guam
79%

Score Distribution

Percentile by Number Answered

Percent of People with Each Score

Your Score History

You have not taken this quiz